[Event "AUTO-INT-434"]
[Site "http://www.queenalice.com/game.php?id=203406"]
[Date "2007.4.28"]
[Round "1"]
[White "Fool"]
[Black "CLODOALDOVEIGA"]
[Result "0-1"]
[WhiteElo "1375"]
[BlackElo "2106"]

1. d4 d5 2. Nc3 Nf6 3. Bg5 Nbd7 4. Bxf6 Nxf6 5. f3 Bf5 6. g4 Bc8 7. e4 dxe4 8.
fxe4 Nxg4 9. Bh3 Ne3 10. Qe2 Qxd4 11. Qd2 Bxh3 12. Qxd4 Nxc2+ 0-1

[Event "AUTO-INT-434"]
[Site "http://www.queenalice.com/game.php?id=203407"]
[Date "2007.4.28"]
[Round "1"]
[White "CLODOALDOVEIGA"]
[Black "Fool"]
[Result "1-0"]
[WhiteElo "2167"]
[BlackElo "1350"]

1. c4 e5 2. Nc3 Nf6 3. Nf3 e4 4. Ng5 h6 5. Ngxe4 Nxe4 6. Nxe4 Nc6 7. Nc3 Bb4 8.
d4 O-O 9. e3 Re8 10. Be2 Bxc3+ 11. bxc3 Na5 12. Bd3 d6 13. O-O Qg5 14. f4 Qh4
15. Qa4 1-0

[Event "AUTO-OPEN-643"]
[Site "http://www.queenalice.com/game.php?id=204730"]
[Date "2007.5.1"]
[Round "1"]
[White "Fool"]
[Black "Andre_van_Veelen"]
[Result "1-0"]
[WhiteElo "1377"]
[BlackElo "1300"]

1. d4 f5 2. Nc3 Nf6 3. Bg5 d5 4. Bxf6 exf6 5. Nf3 c6 6. h3 g6 7. g4 Bg7 8. gxf5
Bxf5 9. e3 O-O 10. Bd3 Qd7 11. Bxf5 Qxf5 12. Nh4 Qg5 13. Nf3 Qh5 14. Ng1 Qf5 15.
Qe2 Re8 16. f3 Na6 17. O-O-O Nb4 18. a3 Qxc2+ 19. Qxc2 Nxc2 20. Kxc2 Rxe3 21.
Nce2 f5 22. Rd3 Re7 23. Nf4 b6 24. Nge2 Rd8 25. b4 b5 26. Rc3 1-0

[Event "AUTO-OPEN-643"]
[Site "http://www.queenalice.com/game.php?id=204731"]
[Date "2007.5.1"]
[Round "1"]
[White "Andre_van_Veelen"]
[Black "Fool"]
[Result "0-1"]
[WhiteElo "1357"]
[BlackElo "1360"]

1. e4 e5 2. Nf3 Nc6 3. Bb5 a6 4. Ba4 b5 5. Bb3 Bc5 6. O-O Nf6 7. c3 Nxe4 8. d4
exd4 9. cxd4 Bb4 10. a3 Ba5 11. Bd5 Nf6 12. Qe2+ Qe7 13. Qxe7+ Kxe7 14. Bg5 Kd6
15. Bxf7 Rf8 16. Bf4+ Ke7 17. Ba2 d6 18. b4 Bg4 19. Nbd2 Bxf3 20. Nxf3 Bb6 21.
d5 Nd4 22. Be3 Nxf3+ 23. gxf3 Nd7 24. f4 Rae8 25. Bxb6 Nxb6 0-1

[Event "AUTO-OPEN-643"]
[Site "http://www.queenalice.com/game.php?id=204732"]
[Date "2007.5.1"]
[Round "1"]
[White "Fool"]
[Black "josecastroman"]
[Result "0-1"]
[WhiteElo "1352"]
[BlackElo "1809"]

1. d4 d5 2. Nc3 Nf6 3. Bg5 h6 4. Bxf6 exf6 5. e4 Bb4 6. exd5 Bxc3+ 7. bxc3 Qxd5
8. Qe2+ Be6 9. Qb5+ Qxb5 10. Bxb5+ c6 11. Bd3 Bd5 12. f3 O-O 13. Ne2 Nd7 14. c4
Be6 15. Nf4 Nb6 16. Rb1 Rab8 17. c5 Nd5 18. Nxd5 Bxd5 19. a4 Rfe8+ 20. Be2 Bc4
21. Kd2 Rxe2+ 22. Kc3 Ba6 23. g4 Rbe8 24. h4 Rf2 25. Rh3 Re3+ 26. Kb2 Rfxf3 27.
Rxf3 Rxf3 28. Rg1 Rf2 29. g5 fxg5 0-1

[Event "AUTO-OPEN-643"]
[Site "http://www.queenalice.com/game.php?id=204733"]
[Date "2007.5.1"]
[Round "1"]
[White "josecastroman"]
[Black "Fool"]
[Result "1-0"]
[WhiteElo "1761"]
[BlackElo "1337"]

1. e4 e5 2. Nf3 Nc6 3. Bc4 Nf6 4. Nc3 Bb4 5. d3 d6 6. Bg5 Bg4 7. h3 Bxf3 8. Qxf3
Bxc3+ 9. bxc3 h6 10. Bh4 g5 11. Bg3 h5 12. Qf5 Nh7 13. Qxf7# 1-0

[Event "AUTO-OPEN-643"]
[Site "http://www.queenalice.com/game.php?id=204734"]
[Date "2007.5.1"]
[Round "1"]
[White "Fool"]
[Black "IkeBroflovski"]
[Result "0-1"]
[WhiteElo "1350"]
[BlackElo "1535"]

1. d4 e6 2. e4 d5 3. exd5 exd5 4. Nc3 Bb4 5. Nf3 Bg4 6. a3 Bxc3+ 7. bxc3 Ne7 8.
Bg5 f6 9. Be3 Nbc6 10. h3 Bf5 11. Bd3 Qd7 12. Bb5 O-O 13. O-O a6 14. Bxc6 Nxc6
15. Rb1 Na5 16. g4 Be4 17. Nh4 Nc4 18. a4 c6 19. g5 fxg5 20. Bxg5 Qxh3 21. f3
Qg3+ 22. Kh1 Qxg5 23. fxe4 Qxh4+ 0-1

[Event "AUTO-OPEN-643"]
[Site "http://www.queenalice.com/game.php?id=204735"]
[Date "2007.5.1"]
[Round "1"]
[White "IkeBroflovski"]
[Black "Fool"]
[Result "1-0"]
[WhiteElo "1597"]
[BlackElo "1393"]

1. Nf3 d5 2. d4 Nc6 3. c4 dxc4 4. d5 Bg4 5. dxc6 Qxd1+ 6. Kxd1 Bxf3 7. exf3 Rd8+
8. Kc2 bxc6 9. Bxc4 Nf6 10. Nc3 Nd5 11. a3 Nxc3 12. Kxc3 e6 13. Be3 c5 14. Rhd1
Rxd1 15. Rxd1 Be7 16. Kc2 O-O 17. Rd7 1-0

[Event "AUTO-OPEN-761"]
[Site "http://www.queenalice.com/game.php?id=246976"]
[Date "2007.7.27"]
[Round "1"]
[White "Fool"]
[Black "Uelinton"]
[Result "0-1"]
[WhiteElo "1430"]
[BlackElo "1514"]

1. e4 e5 2. Nf3 Nc6 3. d4 Qe7 4. d5 Nb4 5. Bd2 Nf6 6. Bg5 Qc5 7. c3 Nxe4 8. Be3
Qxd5 9. Qxd5 Nxd5 10. Nxe5 b6 11. Bc4 Nxe3 12. fxe3 d6 13. Nxf7 d5 14. Bxd5 Nf6
15. Nxh8 Nxd5 16. Ke2 Bc5 17. Rf1 Nxe3 18. Rf7 Nc2 19. Rxg7 Nxa1 20. Na3 Bxa3
21. bxa3 Nc2 22. Rxh7 Nxa3 23. Rxc7 Be6 24. Ng6 Nb5 25. Re7+ Kd8 26. Rxe6 Nxc3+
27. Kf2 Nxa2 28. h4 Kd7 29. Nf4 Rf8 0-1

[Event "AUTO-OPEN-761"]
[Site "http://www.queenalice.com/game.php?id=246977"]
[Date "2007.7.27"]
[Round "1"]
[White "Uelinton"]
[Black "Fool"]
[Result "0-1"]
[WhiteElo "1252"]
[BlackElo "1407"]

1. e4 e5 2. Nf3 Nc6 3. d4 d6 4. dxe5 Bg4 5. exd6 Bxd6 6. Bb5 Ne7 7. e5 Bxf3 8.
Qxf3 Bxe5 9. Bg5 f6 10. Bh4 Qd4 11. Qg3 Bxg3 0-1

[Event "AUTO-INT-551"]
[Site "http://www.queenalice.com/game.php?id=247303"]
[Date "2007.7.28"]
[Round "1"]
[White "alexcamargo"]
[Black "Fool"]
[Result "1-0"]
[WhiteElo "1664"]
[BlackElo "1417"]

1. e4 e5 2. Nf3 Nc6 3. Bb5 d6 4. d4 Bg4 5. d5 Qd7 6. dxc6 bxc6 7. Bc4 d5 8. exd5
cxd5 9. Bb3 d4 10. Qd3 Bxf3 11. Qxf3 Bb4+ 12. Bd2 Bxd2+ 13. Nxd2 Rb8 14. Bd5
Rxb2 15. Bc6 1-0

[Event "AUTO-INT-551"]
[Site "http://www.queenalice.com/game.php?id=247304"]
[Date "2007.7.28"]
[Round "1"]
[White "Fool"]
[Black "alexcamargo"]
[Result "0-1"]
[WhiteElo "1406"]
[BlackElo "1685"]

1. e4 e5 2. Nf3 d6 3. d4 exd4 4. Nxd4 Nf6 5. Bg5 Be7 6. Bc4 h6 7. Bxf6 Bxf6 8.
O-O b6 9. c3 Bb7 10. Bd5 Bxd5 11. exd5 O-O 12. Na3 Nd7 13. Re1 Ne5 14. c4 Qd7
15. Nf3 Nxf3+ 16. gxf3 Bxb2 0-1

[Event "AUTO-INT-551"]
[Site "http://www.queenalice.com/game.php?id=247319"]
[Date "2007.7.28"]
[Round "1"]
[White "IkeBroflovski"]
[Black "Fool"]
[Result "1-0"]
[WhiteElo "1623"]
[BlackElo "1411"]

1. Nf3 d5 2. c4 dxc4 3. e3 Bg4 4. Bxc4 e5 5. Bxf7+ Kxf7 6. Nxe5+ Ke7 7. Qxg4 Qd5
8. d4 Kf6 9. e4 Qxd4 10. Qf5+ Ke7 11. Nc3 Nf6 12. Be3 Qb4 13. O-O Qxb2 14. Bc5+
Ke8 15. Qe6+ 1-0

[Event "AUTO-INT-551"]
[Site "http://www.queenalice.com/game.php?id=247320"]
[Date "2007.7.28"]
[Round "1"]
[White "Fool"]
[Black "IkeBroflovski"]
[Result "1-0"]
[WhiteElo "1401"]
[BlackElo "400"]

1. e4 e6 2. d4 d5 3. Nc3 Nf6 4. Bg5 Bb4 5. exd5 exd5 6. a3 Bxc3+ 7. bxc3 O-O 8.
Nf3 Re8+ 9. Ne5 h6 10. Bxf6 gxf6 11. Qe2 fxe5 12. Qf3 exd4+ 13. Be2 Qe7 14. cxd4
Nc6 15. O-O Qxe2 16. Qxe2 1-0

[Event "AUTO-OPEN-761"]
[Site "http://www.queenalice.com/game.php?id=301071"]
[Date "2007.11.9"]
[Round "2"]
[White "Fool"]
[Black "Roman"]
[Result "0-1"]
[WhiteElo "1411"]
[BlackElo "2005"]

1. e4 c5 2. Nf3 Nc6 3. Bb5 Nf6 4. Bxc6 bxc6 5. Nc3 Ba6 6. Na4 e6 7. d3 d5 8. e5
Ng4 9. O-O Qc7 10. Bf4 f6 11. Nxc5 Bc8 12. d4 Bxc5 13. dxc5 O-O 14. Re1 Qe7 15.
exf6 Nxf6 16. Bd6 Qe8 17. Bxf8 Kxf8 18. Ng5 e5 19. Qd3 Bg4 20. f3 Bh5 21. Nxh7+
Nxh7 22. Qxh7 Bf7 23. Qf5 Qe7 24. b4 Re8 25. Re2 Qf6 26. Qxf6 gxf6 27. a4 a6 28.
Rb1 Rb8 29. a5 d4 30. c3 d3 31. Rd2 Bc4 32. Re1 Re8 33. Re4 Bd5 34. Rh4 e4 35.
Rh8+ Kf7 36. Rxe8 Kxe8 37. Kf2 f5 38. Ke3 Ke7 39. f4 Kf6 40. Kd4 Bb3 41. c4 Ke6
42. h4 Kf6 43. h5 Bc2 44. g3 Bb1 45. Rg2 Bc2 46. g4 fxg4 47. Kxe4 d2+ 0-1

[Event "AUTO-OPEN-761"]
[Site "http://www.queenalice.com/game.php?id=301072"]
[Date "2007.11.9"]
[Round "2"]
[White "Roman"]
[Black "Fool"]
[Result "1-0"]
[WhiteElo "2031"]
[BlackElo "1413"]

1. e4 e5 2. f4 Nc6 3. Nf3 exf4 4. Bc4 Nh6 5. d4 f5 6. e5 d6 7. e6 d5 8. Bb5 Bxe6
9. Bxf4 Bd6 10. Be5 a6 11. Bxc6+ bxc6 12. O-O O-O 13. Nbd2 f4 14. h3 c5 15. c3
Rf5 16. Qe2 c4 17. Bxg7 Qe8 18. Bxh6 Be7 19. Qxe6+ 1-0